header

Problems in marketing (Record no. 16890)

MARC details
000 -LEADER
fixed length control field 01224nam a22003254a 4500
082 04 - DEWEY DECIMAL CLASSIFICATION NUMBER
Classification number 658.8
100 1# - MAIN ENTRY--AUTHOR NAME
Personal name Moutinho, Luiz.
245 10 - TITLE STATEMENT
Title Problems in marketing
250 ## - EDITION STATEMENT
Edition statement 2nd ed.
260 ## - PUBLICATION, DISTRIBUTION, ETC. (IMPRINT)
Place of publication Los Angeles :
Name of publisher Sage Publications,
Year of publication 2008.
300 ## - PHYSICAL DESCRIPTION
Number of Pages xiii, 322 p. :
Other physical details ill.
650 #0 - SUBJECT ADDED ENTRY--TOPICAL TERM
Topical Term Marketing.
700 1# - ADDED ENTRY--PERSONAL NAME
Personal name Chien, Charles S.
856 40 - ELECTRONIC LOCATION AND ACCESS
Uniform Resource Identifier http://site.ebrary.com/lib/rucke/Doc?id=10285275

No items available.

© 2026 Rongo University
Contact us: librarian | system librarian | Rongo university